Normal view
MARC view
- Virgilio
Entry Nombre Personal
001 - NUMERO DE CONTROL
- campo de control: 18119
003 - IDENTIFICADOR DE NUMERO DE CONTROL
- campo de control: MX-MxUPN
005 - FECHA Y HORA DE LA ÜLTIMA TRANSACCIÓN
- campo de control: 20241206105404.0
008 - DATOS DE LONGITUD FIJA
- campo de control de longitud fija: 241206na acnnnaabn a aaa |d
035 ## - NUMERO DE CONTROL
- Número de control: UPN10000018127
040 ## - FUENTE DE CATALOGACIÓN
- Agencia original de catalogación: MX-MxUPN
- Lenguaje de catalogación: spa
- Agencia de transcripción: MX-MxUPN
100 0# - ENCABEZAMIENTO - NOMBRE PERSONAL
- Nombre personal: Virgilio
400 1# - VEÁSE - NOMBRE DE PERSONA
- Personal name: Virgilio Marón, Publio,
- Dates associated with a name: 70-19 a. C.
670 ## - FUENTE EN LA QUE SE LOCALIZARON DATOS
- Cita de la fuente: T
- Información localizada: Salvat universal
902 ## - CATALOGADOR
- Catalogador: MITM/200511
